| 000 | 01168nam a2200313 a 4500 | ||
|---|---|---|---|
| 001 | 4356 | ||
| 003 | FISKH | ||
| 005 | 20240801102746.0 | ||
| 008 | 860108s1985 nyua j 000 1 eng | ||
| 010 | _a 86102123 | ||
| 020 |
_a0590335839 (pbk.) : _c |
||
| 040 |
_aDLC _cDLC _dDLC _beng |
||
| 050 | _aPZ7.B7633 | ||
| 082 | _a823 | ||
| 100 | 1 | _aBridwell, Norman. | |
| 245 | 1 | 0 |
_aClifford, the small red puppy / _cstory and pictures by Norman Bridwell. |
| 260 |
_aNew York : _bScholastic, _c1972. |
||
| 300 |
_a30 unnumbered pages : _bcolor illustrations ; _c21 cm |
||
| 500 | _aIn logo on cover: Clifford, the big red dog. | ||
| 505 | _aK | ||
| 520 | _aClifford begins life as a very small red puppy, but once he starts growing into a very large red dog there seems no limit to his potential size. | ||
| 521 | 8 |
_a510
_bLexile estimate |
|
| 521 | 8 |
_aK
_bRaz-Plus |
|
| 650 | 1 |
_aDogs _xFiction. |
|
| 650 | 1 |
_aSize _xFiction. |
|
| 906 |
_a7 _bcbc _corignew _d2 _encip _f19 _gy-gencatlg |
||
| 942 |
_2ddc _cBK _n0 |
||
| 999 |
_c4356 _d4356 |
||